| 000 | 00459nam a22001817a 4500 | ||
|---|---|---|---|
| 003 | NUST - PNEC | ||
| 005 | 20170116181031.0 | ||
| 008 | 150919b xxu||||| |||| 00| 0 eng d | ||
| 020 | _a0070848513 | ||
| 040 | _cLIBRARY | ||
| 082 | _a621.381 WOO | ||
| 100 |
_911089 _aWoollard, Barry G. |
||
| 245 |
_aPractical electronics _cBarry G. Woollard |
||
| 250 | _a2nd ed. | ||
| 260 | _cc.1984 | ||
| 650 |
_911091 _aIndustrial electronics _xEL |
||
| 942 |
_2ddc _cBK |
||
| 999 |
_c67739 _d67739 |
||